Statistiques concernant Logos de films

Cliquez ici pour prendre le quiz!

Statistiques générales

  • Ce quiz a été pris 31 270 fois
  • Le résultat moyen est 12 sur 16

Statistiques - réponses

Réponse% Correct
Batman
99%
Harry Potter
98%
Astérix et Obélix contre César
95%
Cars
95%
Avengers
90%
James Bond
88%
Indiana Jones
86%
Les Indestructibles
85%
Retour vers le futur
77%
SOS Fantômes
75%
Monstres et Cie
74%
Arthur et les Minimoys
66%
Les Chroniques de Narnia
61%
Les Trois Mousquetaires
58%
Vaiana
54%
OSS 117
42%

Distribution des résultats

Percentile par nombre de réponses

% des personnes avec chaque résultat

Votre développement - résultats

Vous n’avez pas pris ce quiz